Genetic variability of the Hevea WA hybrids derived from five controlled-pollinated crosses determined by RAPD analysis (Record no. 59883)

MARC details
000 -LEADER
fixed length control field 00659nam a2200145Ia 4500
100 ## - MAIN ENTRY--AUTHOR NAME
Personal name Lam Lai Van
245 #0 - TITLE STATEMENT
Title Genetic variability of the Hevea WA hybrids derived from five controlled-pollinated crosses determined by RAPD analysis
260 ## - PUBLICATION, DISTRIBUTION, ETC. (IMPRINT)
Name of publisher Climate Change, Low Carbon Economy and Sustainable Natural Rubber Industry: Preprints of Proceedings of IRRDB International Rubber Conference 2010, 18-19 October 2010 Sanya, Hainan, China, pp. 383-394.
650 ## - SUBJECT ADDED ENTRY--TOPICAL TERM
Topical Term Genetic relationship
650 ## - SUBJECT ADDED ENTRY--TOPICAL TERM
Topical Term Genetic variability
650 ## - SUBJECT ADDED ENTRY--TOPICAL TERM
Topical Term RAPD markers
650 ## - SUBJECT ADDED ENTRY--TOPICAL TERM
Topical Term Wickham x Amazon hybrids
942 ## - ADDED ENTRY ELEMENTS (KOHA)
Koha item type Journals
Holdings
Withdrawn status Lost status Damaged status Not for loan Home library Current library Shelving location Date acquired Koha item type
      Journals RRII Library RRII Library Botany 09/08/2012 Journals